000 00577nam a2200193Ia 4500
005 20250326141945.0
008 250326s9999 xx 000 0 und d
020 _a92-2-106265-1
037 _aTextbook
040 _aFMSL
_beng
_cFMSL
041 _aeng
_2eng
084 _aX:95851.571 M8
_qFMSL
100 _aStanding G
_9743981
245 0 _aUnemployment and labour market flexibility: Sweedon
_cStanding G
260 _aGeneva
_bGeneva, International labour office
_c1988
300 _a159p
942 _cTB
_hX:95851.571 M8
999 _c1292786
_d1292786